000 00783cam a22002773a 4500
001 6584
003 PGUSA
005 20140828083134.0
008 040901s2004||||xxu|||||s|||||000 1 eng d
040 _aPGUSA
_beng
042 _adc
050 4 _aPS
050 4 _aPZ
100 1 _aBrooks, Amy
245 1 0 _aPrincess Polly's Gay Winter
_h[electronic resource] /
_cAmy Brooks
260 _bProject Gutenberg,
_c2004
506 _aPublic domain in the USA.
516 _aElectronic text
653 _aFriendship -- Juvenile fiction
653 _aStudents -- Juvenile fiction
653 _aElementary schools -- Juvenile fiction
653 _aGirls -- Juvenile fiction
830 0 _aProject Gutenberg
_v6584
856 4 0 _uhttp://www.gutenberg.org/ebooks/6584
942 _cEB
999 _c235904
_d235904